000 004360000a22001570004500
020 _a84-8280-406-5
041 0 _aSPA
082 0 4 _aG 863 L979c
100 1 _aÁlvarez Gardeazábal, Gustavo (1945-)
245 1 0 _aCóndores no entierran todos los días / Gustavo Álvarez Gardeazábal
260 _aBogotá, Colombia : Oveja Negra
300 _a164 Pag
440 0 _aBiblioteca de Literatura Colombiana
001 11320
942 _cBK
999 _c40661
_d40661